| 000 | 00767nam a22001937a 4500 | ||
|---|---|---|---|
| 005 | 20180111164315.0 | ||
| 010 | _aB-685712 | ||
| 020 |
_a9788193209455 _c280.00 |
||
| 035 | _aB-685712 | ||
| 037 | _bPANSY BOOKS(RP) | ||
| 082 | _a510 | ||
| 100 | _aYadav, Rakesh | ||
| 245 |
_aRakesh Yadav sir's class notes of maths: _cby Rakesh Yadav _bcomplete arithmetic and advanced two in one book / |
||
| 260 |
_aDelhi _bRakesh Yadav Readres Publication _c2017 |
||
| 270 |
_a1425, Outram lane near B.B.M,Depot,GTB Nagar _bDelhi _e110009 |
||
| 300 |
_a268p. _c28cm(pbk) |
||
| 942 |
_2ddc _cEN _h510 _mYAD |
||
| 999 |
_c148993 _d148993 |
||